| 000 | 00892cam a2200277 a 4500 | ||
|---|---|---|---|
| 001 | 000014416 | ||
| 005 | 20200929163841.0 | ||
| 008 | 010509s2001 pe ac f000 0dspa | ||
| 020 | _a9972755584 | ||
| 040 |
_aDO-SdBNP _cDLC _dDLC |
||
| 042 | _apcc | ||
| 043 |
_as-pe--- _ae-it--- |
||
| 050 | 0 | 0 |
_aF3619.I8 _bZ35 2001 |
| 082 |
_annn _bZ34h |
||
| 100 | 1 |
_aZanutelli Rosas, Manuel. _d1934- _932527 |
|
| 245 | 1 | 3 |
_aLa huella de Italia en el Perú / _cManuel Zanutelli Rosas. |
| 260 |
_aLima : _bFondo Editorial del Congreso del Perú, _c2001. |
||
| 300 |
_a235 p. : _bil., retrs. ; _c28 cm. |
||
| 650 | 0 |
_aItalians _zPeru _xHistory. _932528 |
|
| 650 | 0 |
_aImmigrants _zPeru _xHistory. _932529 |
|
| 651 | 0 |
_aPeru _xCivilization _xItalian Influences. _932530 |
|
| 650 | 0 |
_aItalians _zPeru _vBiography. _932531 |
|
| 910 | _aCatalogación por copia / LC | ||
| 082 | 0 | 0 |
_a985/.00451 _221 |
| 049 | _aBNGR | ||
| 999 |
_c14007 _d14007 |
||